Sizing Up South America Minefield Quiz Stats

 Plays Quiz Updated Mar 5, 2014

Support Sporcle.
Go Orange.
Score 0/12 Timer 02:00
4 Plays Today
Mine Country % Correct
????
100%
????
96.2%
????
60.1%
????
43.5%
????
28.8%
????
24%
????
20.2%
????
16.8%
????
12.4%
????
6.1%
????
5.1%
????
5%

You're not logged in!

Compare scores with friends on all Sporcle quizzes.
OR
Log In

From the Vault

Fighting Games: Name a Character

by Jengajam

If you're frustrated, just fire off a Hadoken.
Remove Ads.
Support Sporcle.
Get the best of Sporcle when you Go Orange. This ad-free experience offers more features, more stats, and more fun while also helping to support Sporcle. Thank you for becoming a member.

Show Comments

Extras

Top Quizzes Today


Score Distribution

Your Account Isn't Verified!

In order to create a playlist on Sporcle, you need to verify the email address you used during registration. Go to your Sporcle Settings to finish the process.

Report this User

Report this user for behavior that violates our Community Guidelines.

Details: